Loading...
| Current Events | 0 | 3 | 1 | 1 | 25 | 52 | 71.33 | 1 | 1 | 25.67 | 52.08 |
| Mythology | 0 | 2 | 0 | 0 | 20 | 16 | 60.00 | 1 | 1 | 9.11 | 10.61 |
| Science - Biology | 0 | 2 | 0 | 0 | 20 | 40 | 52.50 | 0 | 1 | 8.68 | 11.36 |
| History - Other | 0 | 2 | 1 | 0 | 15 | 61 | 76.50 | 0 | 1 | 5.44 | 11.36 |
| Science - Physics | 0 | 1 | 0 | 0 | 10 | 43 | 43.00 | 0 | 1 | 5.50 | 6.82 |
| Religion | 0 | 1 | 0 | 0 | 10 | 96 | 96.00 | 0 | 0 | 1.76 | 1.52 |
| Science - Other | 0 | 1 | 0 | 0 | 10 | 85 | 85.00 | 0 | 0 | 1.59 | 3.50 |
| History - American | 0 | 0 | 1 | 0 | -5 | 0.00 | 0 | 0 | 0.00 | 0.00 | |
| Science - Chemistry | 0 | 0 | 1 | 0 | -5 | 0.00 | 0 | 0 | 0.00 | 0.00 | |
| Popular Culture | 0 | 0 | 1 | 0 | -5 | 0.00 | 0 | 0 | 0.00 | 0.00 | |
| Geography | 0 | 0 | 1 | 0 | -5 | 0.00 | 0 | 0 | 0.00 | 0.00 |